Match-3 Tutorial #4 - Statistics

General Stats
  • This quiz has been taken 28 times
  • The average score is 9 of 22
Answers on the Grid
Answers color-coded by a green-red scale on the quiz's grid according to % correct below.
🟦
🟨
🟩
πŸŸͺ
🟦
🟩
πŸŸ₯
πŸŸͺ
πŸŸͺ
🟦
🟨
🟨
πŸŸ₯
🟨
🟨
🟦
πŸŸ₯
🟨
🟩
🟩
🟦
🟨
πŸŸͺ
πŸŸ₯
πŸŸ₯
πŸŸͺ
🟦
🟦
🟩
πŸŸ₯
🟩
πŸŸͺ
πŸŸͺ
🟨
🟦
πŸŸͺ
🟩
🟨
🟨
🟦
 
Answer Stats
Answer % Correct
πŸŸͺ
83%
πŸŸ₯
75%
πŸŸͺ
75%
🟨
67%
🟨
67%
🟩
67%
🟦
58%
🟦
50%
πŸŸ₯
42%
🟨
42%
πŸŸ₯
42%
🟨
42%
🟦
42%
πŸŸͺ
42%
🟨
33%
🟨
33%
🟦
33%
πŸŸͺ
33%
🟨
8%
🟨
8%
🟨
0%
🟨
0%
No matching quizzes found
Score Distribution
Percent of People with Each Score
Percentile by Number Answered
Your Score History
You have not taken this quiz